00842nam a22002177a 4500999001700000003000900017008004100026040007100067082001800138100002900156245007000185260004300255300002600298505002300324650002200347650001900369710010400388942001600492945002000508952009600528 c13582d13582AR-CdUCM190415b ||||| |||| 00| 0 spa d aMUNICIPALIDAD PROVINCIAL DEL CUSCOcBIBLIOTECA MUNICIPAL DEL CUSCO a300.3 /bSE42 aSérgio Pinheiro, Paulo aInforme Mundial Sobre la Violencia Contra los Niños y Niñas / aGinebra-Suiza :bAtar Roto Presse SA ; a364 páginas ;c26cm aContenido: Informe aViolencia 931761 aNiñez 92986 aEstudio del Secretario General de las Naciones Unidas sobre la Violencia contra los Niños.932049 2ddccLIBROS anomd2019-04-15 002ddc4070aSHbSHcCARTd2019-04-15g100.00o300.3/S42pSH0000010736r2019-04-15yLIBROS